| 000 | 00439nam a22001691 4500 | ||
|---|---|---|---|
| 001 | 2171890 | ||
| 005 | 20250604100948.0 | ||
| 008 | 740606s1967 nyu 000 0 eng | ||
| 050 | 0 | 0 |
_aBV4011 _b.D54 |
| 082 | 0 | 0 | _a250 |
| 100 | 1 | _aDittes, James E. | |
| 245 | 1 | 4 |
_aThe church in the way, _cby James E. Dittes. |
| 260 |
_aNew York, _bScribner _c[1967] |
||
| 300 |
_axix, 358 p. _c24 cm. |
||
| 650 | 0 | _aPastoral theology. | |
| 942 |
_2lcc _cBK _n0 |
||
| 999 |
_c6248 _d6248 |
||